Statistics for Biggest cities once in the Norwegian Empire

Click here to take the quiz!

General Stats

  • This quiz has been taken 320 times
    (132 since last reset)
  • The average score is 7 of 20

Answer Stats

PopCity% Correct
1.22 MOslo
99%
265 kBergen
83%
191 kTrondheim
70%
236 kReykjavik
68%
229 kStavanger
58%
655 kGothenburg
44%
64 kKristiansand
38%
1.42 MDublin
37%
110 kDrammen
35%
117 kFredrikstad
30%
54 kÅlesund
28%
94 kSkien
19%
53 kTønsberg
19%
270 kMurmansk
17%
62 kInverness
14%
70 kKarlstad
14%
54 kÖstersund
11%
81 kBorås
7%
50 kTrollhättan
6%
49 kApatity
4%

Score Distribution

Percentile by Number Answered

Percent of People with Each Score

Your Score History

You have not taken this quiz since the last reset